<?xml version="1.0" encoding="UTF-8"?>
<record
    xmlns:xsi="http://www.w3.org/2001/XMLSchema-instance"
    xsi:schemaLocation="http://www.loc.gov/MARC21/slim http://www.loc.gov/standards/marcxml/schema/MARC21slim.xsd"
    xmlns="http://www.loc.gov/MARC21/slim">

  <leader>00704nam a22001337a 4500</leader>
  <datafield tag="040" ind1=" " ind2=" ">
    <subfield code="c">RUA</subfield>
  </datafield>
  <datafield tag="082" ind1=" " ind2=" ">
    <subfield code="a">RUB KIM 2015 B528 Or.</subfield>
  </datafield>
  <datafield tag="100" ind1=" " ind2=" ">
    <subfield code="a">KIM SOKLY; &#x1782;&#x17B8;&#x1798; &#x179F;&#x17BB;&#x1781;&#x179B;&#x17B8;</subfield>
  </datafield>
  <datafield tag="245" ind1=" " ind2=" ">
    <subfield code="a">Comparative growth and yield rubber clone swift resource (Cambodia) limited; &#x1794;&#x17D2;&#x179A;&#x17C0;&#x1794;&#x1792;&#x17C0;&#x1794;&#x1780;&#x17B6;&#x179A;&#x179B;&#x17BC;&#x178F;&#x179B;&#x17B6;&#x179F;&#x17CB; &#x1793;&#x17B7;&#x1784;&#x1791;&#x1793;&#x17D2;&#x1793;&#x17B7;&#x1795;&#x179B;&#x1791;&#x17B9;&#x1780;&#x1787;&#x17D0;&#x179A;&#x1780;&#x17C5;&#x179F;&#x17CA;&#x17BC;&#x179B;&#x17BE;&#x17E4;&#x1780;&#x17D2;&#x179B;&#x17BC;&#x1793; (GT1, KV4, RRIM 600, RRIC 110) &#x17E2;&#x17E0;&#x17E1;&#x17E5; &#x1793;&#x17C5;&#x1780;&#x17D2;&#x179A;&#x17BB;&#x1798;&#x17A0;&#x17CA;&#x17BB;&#x1793;&#x1780;&#x17C5;&#x179F;&#x17CA;&#x17BC; &#x179F;&#x17D2;&#x179C;&#x17B8;&#x17A0;&#x17D2;&#x179C;&#x179A;&#x17B8;&#x179F;&#x179F;&#x179F;&#x17CD; (&#x1781;&#x17C1;&#x1798;&#x1794;&#x17BC;&#x178C;&#x17B6;) &#x179B;&#x17B8;&#x1798;&#x17B8;&#x1792;&#x17B8;&#x178F;</subfield>
  </datafield>
  <datafield tag="260" ind1=" " ind2=" ">
    <subfield code="a">Phnom Penh</subfield>
    <subfield code="b">RUA</subfield>
    <subfield code="c">2015</subfield>
  </datafield>
  <datafield tag="300" ind1=" " ind2=" ">
    <subfield code="a">xi; 47p.</subfield>
    <subfield code="b">ill.</subfield>
    <subfield code="c">29cm.</subfield>
  </datafield>
  <datafield tag="856" ind1=" " ind2=" ">
    <subfield code="u"> KIM SOKLY</subfield>
  </datafield>
  <datafield tag="942" ind1=" " ind2=" ">
    <subfield code="c">RUB</subfield>
  </datafield>
  <datafield tag="999" ind1=" " ind2=" ">
    <subfield code="c">10789</subfield>
    <subfield code="d">10789</subfield>
  </datafield>
  <datafield tag="952" ind1=" " ind2=" ">
    <subfield code="0">0</subfield>
    <subfield code="1">0</subfield>
    <subfield code="2">ddc</subfield>
    <subfield code="4">0</subfield>
    <subfield code="6">RUB_KIM_2015_000000000000000_B528_OR_2</subfield>
    <subfield code="7">0</subfield>
    <subfield code="9">56346</subfield>
    <subfield code="a">LBB</subfield>
    <subfield code="b">LBB</subfield>
    <subfield code="c">B528</subfield>
    <subfield code="d">2016-11-07</subfield>
    <subfield code="o">RUB KIM 2015 B528 Or.2</subfield>
    <subfield code="p">A01862</subfield>
    <subfield code="r">2016-11-07</subfield>
    <subfield code="w">2016-11-07</subfield>
    <subfield code="y">RUB</subfield>
  </datafield>
  <datafield tag="952" ind1=" " ind2=" ">
    <subfield code="0">0</subfield>
    <subfield code="1">0</subfield>
    <subfield code="2">ddc</subfield>
    <subfield code="4">0</subfield>
    <subfield code="6">RUB_KIM_2015_000000000000000_B528_OR_3</subfield>
    <subfield code="7">0</subfield>
    <subfield code="9">56347</subfield>
    <subfield code="a">LBB</subfield>
    <subfield code="b">LBB</subfield>
    <subfield code="c">B528</subfield>
    <subfield code="d">2016-11-07</subfield>
    <subfield code="l">1</subfield>
    <subfield code="o">RUB KIM 2015 B528 Or.3</subfield>
    <subfield code="p">RUA062658</subfield>
    <subfield code="r">2017-02-03</subfield>
    <subfield code="s">2017-01-17</subfield>
    <subfield code="w">2016-11-07</subfield>
    <subfield code="y">RUB</subfield>
  </datafield>
  <datafield tag="952" ind1=" " ind2=" ">
    <subfield code="0">0</subfield>
    <subfield code="1">0</subfield>
    <subfield code="2">ddc</subfield>
    <subfield code="4">0</subfield>
    <subfield code="6">RUB_KIM_2015_000000000000000_B528_OR_4</subfield>
    <subfield code="7">0</subfield>
    <subfield code="9">56348</subfield>
    <subfield code="a">LBB</subfield>
    <subfield code="b">LBB</subfield>
    <subfield code="c">B528</subfield>
    <subfield code="d">2016-11-07</subfield>
    <subfield code="o">RUB KIM 2015 B528 Or.4</subfield>
    <subfield code="p">A02765</subfield>
    <subfield code="r">2016-11-07</subfield>
    <subfield code="w">2016-11-07</subfield>
    <subfield code="y">RUB</subfield>
  </datafield>
  <datafield tag="952" ind1=" " ind2=" ">
    <subfield code="0">0</subfield>
    <subfield code="1">0</subfield>
    <subfield code="2">ddc</subfield>
    <subfield code="4">0</subfield>
    <subfield code="6">RUB_KIM_2015_000000000000000_B528_OR_5</subfield>
    <subfield code="7">0</subfield>
    <subfield code="9">56349</subfield>
    <subfield code="a">LBB</subfield>
    <subfield code="b">LBB</subfield>
    <subfield code="c">B528</subfield>
    <subfield code="d">2016-11-07</subfield>
    <subfield code="o">RUB KIM 2015 B528 Or.5</subfield>
    <subfield code="p">A02795</subfield>
    <subfield code="r">2016-11-07</subfield>
    <subfield code="w">2016-11-07</subfield>
    <subfield code="y">RUB</subfield>
  </datafield>
  <datafield tag="952" ind1=" " ind2=" ">
    <subfield code="0">0</subfield>
    <subfield code="1">0</subfield>
    <subfield code="2">ddc</subfield>
    <subfield code="4">0</subfield>
    <subfield code="6">RUB_KIM_2015_000000000000000_B528_OR_6</subfield>
    <subfield code="7">0</subfield>
    <subfield code="9">56350</subfield>
    <subfield code="a">LBB</subfield>
    <subfield code="b">LBB</subfield>
    <subfield code="c">B528</subfield>
    <subfield code="d">2016-11-07</subfield>
    <subfield code="l">2</subfield>
    <subfield code="o">RUB KIM 2015 B528 Or.6</subfield>
    <subfield code="p">A00018</subfield>
    <subfield code="r">2018-01-16</subfield>
    <subfield code="s">2017-02-17</subfield>
    <subfield code="w">2016-11-07</subfield>
    <subfield code="y">RUB</subfield>
  </datafield>
  <datafield tag="952" ind1=" " ind2=" ">
    <subfield code="0">0</subfield>
    <subfield code="1">0</subfield>
    <subfield code="2">ddc</subfield>
    <subfield code="4">0</subfield>
    <subfield code="6">RUB_KIM_2015_000000000000000_B528_OR_7</subfield>
    <subfield code="7">0</subfield>
    <subfield code="9">56351</subfield>
    <subfield code="a">LBB</subfield>
    <subfield code="b">LBB</subfield>
    <subfield code="c">B528</subfield>
    <subfield code="d">2016-11-07</subfield>
    <subfield code="l">1</subfield>
    <subfield code="o">RUB KIM 2015 B528 Or.7</subfield>
    <subfield code="p">A00691</subfield>
    <subfield code="r">2018-02-19</subfield>
    <subfield code="s">2018-01-15</subfield>
    <subfield code="w">2016-11-07</subfield>
    <subfield code="y">RUB</subfield>
  </datafield>
  <datafield tag="952" ind1=" " ind2=" ">
    <subfield code="0">0</subfield>
    <subfield code="1">0</subfield>
    <subfield code="2">ddc</subfield>
    <subfield code="4">0</subfield>
    <subfield code="6">RUB_KIM_2015_000000000000000_B528_OR_8</subfield>
    <subfield code="7">0</subfield>
    <subfield code="9">56352</subfield>
    <subfield code="a">LBB</subfield>
    <subfield code="b">LBB</subfield>
    <subfield code="c">B528</subfield>
    <subfield code="d">2016-11-07</subfield>
    <subfield code="o">RUB KIM 2015 B528 Or.8</subfield>
    <subfield code="r">2016-11-07</subfield>
    <subfield code="w">2016-11-07</subfield>
    <subfield code="y">RUB</subfield>
  </datafield>
  <datafield tag="952" ind1=" " ind2=" ">
    <subfield code="0">0</subfield>
    <subfield code="1">0</subfield>
    <subfield code="2">ddc</subfield>
    <subfield code="4">0</subfield>
    <subfield code="6">RUB_KIM_2015_000000000000000_B528_OR_1</subfield>
    <subfield code="7">0</subfield>
    <subfield code="9">56353</subfield>
    <subfield code="a">LBB</subfield>
    <subfield code="b">LBB</subfield>
    <subfield code="c">B528</subfield>
    <subfield code="d">2016-11-07</subfield>
    <subfield code="o">RUB KIM 2015 B528 Or.1</subfield>
    <subfield code="r">2016-11-07</subfield>
    <subfield code="w">2016-11-07</subfield>
    <subfield code="y">RUB</subfield>
  </datafield>
</record>
